Loading...
| Literature - European | 0 | 5 | 0 | 0 | 50 | 102 | 115.20 | 0 | 1 | 0.00 | 0.00 |
| Literature - World | 0 | 4 | 0 | 0 | 40 | 71 | 92.25 | 0 | 1 | 0.00 | 0.00 |
| Literature - American | 0 | 4 | 0 | 1 | 40 | 84 | 113.50 | 0 | 1 | 0.00 | 0.00 |
| Science - Chemistry | 0 | 4 | 1 | 1 | 35 | 22 | 54.75 | 3 | 3 | 0.00 | 0.00 |
| Fine Arts - Painting and Sculpture | 0 | 3 | 1 | 0 | 25 | 80 | 89.00 | 0 | 1 | 0.00 | 0.00 |
| History - European | 0 | 2 | 0 | 1 | 20 | 111 | 121.00 | 0 | 0 | 0.00 | 0.00 |
| Mythology | 0 | 2 | 0 | 1 | 20 | 94 | 113.50 | 0 | 0 | 0.00 | 0.00 |
| Literature - British | 0 | 2 | 0 | 0 | 20 | 104 | 124.00 | 0 | 0 | 0.00 | 0.00 |
| Social Science | 0 | 1 | 0 | 0 | 10 | 36 | 36.00 | 0 | 1 | 0.00 | 0.00 |
| History - American | 0 | 1 | 0 | 1 | 10 | 122 | 122.00 | 0 | 0 | 0.00 | 0.00 |
| History - Other | 0 | 1 | 0 | 1 | 10 | 122 | 122.00 | 0 | 0 | 0.00 | 0.00 |
| History - World | 0 | 1 | 0 | 1 | 10 | 121 | 121.00 | 0 | 0 | 0.00 | 0.00 |
| Other Academic | 0 | 1 | 0 | 0 | 10 | 92 | 92.00 | 0 | 1 | 0.00 | 0.00 |
| Science - Physics | 0 | 1 | 0 | 0 | 10 | 89 | 89.00 | 0 | 1 | 0.00 | 0.00 |
| Fine Arts - Other | 0 | 1 | 0 | 0 | 10 | 115 | 115.00 | 0 | 0 | 0.00 | 0.00 |
| Science - Biology | 0 | 1 | 0 | 1 | 10 | 114 | 114.00 | 0 | 0 | 0.00 | 0.00 |
| Religion | 0 | 0 | 1 | 0 | -5 | 0.00 | 0 | 0 | 0.00 | 0.00 | |
| Philosophy | 0 | 0 | 1 | 0 | -5 | 0.00 | 0 | 0 | 0.00 | 0.00 |